000 00969 a2200241 4500
001 48630
005 20260407155751.0
008 260407a1973 arg spa d
003 AR-UNSa-BCEJYS
040 _aAR-UNSa-BCEJYS
_bspa
_cAR-UNSa-BCEJYS
080 _a614.7
_xHigiene del aire, agua y suelo. Contaminación y su control
245 1 0 _aEcología , Contaminación - Medio Ambiente
264 1 _aMéxico :
_bInteramericana
_c1973
300 _a227 p.
_c22 cm.
505 _a1. Introducción a la ecología - 2. Medio ambiente agrícola - 3. Pesticidas - 4. Desechos radioactivos - 5. Contaminación del aire - 6. Contaminación del agua - 7. Desechos sólidos - 8. El crecimiento de las poblaciones humanas - 9. Contaminación térmica - 10. El ruido.
942 _cBK
590 _aniveau_biblio:m niveau_hierar:0
100 1 _aTurk, Amos
700 1 _aTurk, Jonathan
700 1 _aGerhard, Carlos
700 1 _aWittes, Janet T.
700 1 _aAelder, Ottenw
999 _c4658
_d4658